Così fan tutte : (Registro nro. 118191)
[ vista simple ]
| 000 -LEADER | |
|---|---|
| fixed length control field | 00732nam a22002057a 4500 |
| 005 - DATE AND TIME OF LATEST TRANSACTION | |
| control field | 20161207131807.0 |
| 008 - FIXED-LENGTH DATA ELEMENTS--GENERAL INFORMATION | |
| fixed length control field | 160711b it||||| |||| 00| 0 ita d |
| 020 ## - INTERNATIONAL STANDARD BOOK NUMBER | |
| International Standard Book Number | 8875733325 |
| 050 04 - LIBRARY OF CONGRESS CALL NUMBER | |
| Classification number | PQ4730.P65 |
| Item number | P66 1997 |
| 100 1# - MAIN ENTRY--PERSONAL NAME | |
| Personal name | Ponte, Lorenzo Da |
| Relator term | aut. |
| 245 ## - TITLE STATEMENT | |
| Title | Così fan tutte : |
| Remainder of title | Dramma giocoso in due atti / |
| Statement of responsibility, etc | Libretto di Lorenzo Da Ponte ; musica di Wolfgang Amadeus Mozart ; a cura di Anna Biguzzi |
| 260 ## - PUBLICATION, DISTRIBUTION, ETC. (IMPRINT) | |
| Place of publication, distribution, etc | Roma, Italia : |
| Name of publisher, distributor, etc | Bonacci, |
| Date of publication, distribution, etc | 1997 |
| 300 ## - PHYSICAL DESCRIPTION | |
| Extent | 90 p. : |
| Other physical details | il. ; |
| Dimensions | 21 cm. |
| 490 #0 - SERIES STATEMENT | |
| Series statement | Libretti d'opera per stranieri, |
| Volume number/sequential designation | 9 |
| 504 ## - BIBLIOGRAPHY, ETC. NOTE | |
| Bibliography, etc | Incluye índice |
| 650 #7 - SUBJECT ADDED ENTRY--TOPICAL TERM | |
| Source of heading or term | Lemb |
| Topical term or geographic name as entry element | Libros de lectura |
| Form subdivision | Italiano |
| 700 1# - ADDED ENTRY--PERSONAL NAME | |
| Personal name | Mozart, Wolfgang Amadeus |
| Relator term | mus. |
| 700 1# - ADDED ENTRY--PERSONAL NAME | |
| Personal name | Biguzzi, Anna |
| Relator term | ed. |
| 942 ## - ADDED ENTRY ELEMENTS (KOHA) | |
| Source of classification or shelving scheme | Biblioteca del Cogreso de los Estados Unidos |
| Koha item type | Libro |
| Estado de pérdida | Fuente de clasificación | Estado del daño | No para préstamo | Ubicación permanente | Ubicación actual | Apartado o colección | Fecha de adquisición | Edición | Área del conocimiento | Clasificación | Código de Barras | Date last seen | Número de copia | Tipo de recurso |
|---|---|---|---|---|---|---|---|---|---|---|---|---|---|---|
| Biblioteca del Cogreso de los Estados Unidos | Biblioteca del Departamento de Idiomas | Biblioteca del Departamento de Idiomas | General | 11/07/2016 | 1a | Educación y Humanidades | PQ4730.P65 P66 1997 | BDI000000662 | 11/07/2016 | 1 | Libro |